Score 0/20 Timer 04:00
0 Plays Today
villains Superhero % Correct
Lex Luthor???
92.6%
Loki???
92%
Joker???
90.3%
Doctor Octopus???
88%
Red Skull???
86.9%
Magneto???
80.6%
Bullseye???
80%
Abomination???
79.4%
Iron Monger???
78.9%
Sinestro???
77.7%
villains Superhero % Correct
Aquabeast???
72.6%
Captain Boomerang???
54.9%
Vengence???
24.6%
The Brain???
18.3%
Onomatopoeia???
17.7%
Trinity???
7.4%
Kang the Conqueror???
1.1%
Deathstroke???
0.6%
Apocalypse???
0.6%
Scarlet Witch???
0%
Remove Ads.
Support Sporcle.
Get the best of Sporcle when you Go Orange. This ad-free experience offers more features, more stats, and more fun while also helping to support Sporcle. Thank you for becoming a member.

You're not logged in!

Compare scores with friends on all Sporcle quizzes.
OR
Log In

Show Comments

Extras

Top Quizzes Today


Score Distribution

Your Account Isn't Verified!

In order to create a playlist on Sporcle, you need to verify the email address you used during registration. Go to your Sporcle Settings to finish the process.

Report this User

Report this user for behavior that violates our Community Guidelines.

Details: